[Event "XXIV Festival Conca della Presolana A"]
[Site "Bratto - Castione della Presolana ITA"]
[Date "2004.08.23"]
[Round "4"]
[White "Vancini, Edoardo"]
[Black "Ranola, Yves"]
[Result "0-1"]
[WhiteElo "2294"]
[BlackElo "2410"]
[PlyCount "116"]
[EventDate "2004.08.20"]

1.e4 g6 2.d4 Bg7 3.Nc3 c6 4.f4 d5 5.e5 h5 6.Nf3 Bg4 7.h3 Bxf3 8.Qxf3 e6 9.
Bd3 Nh6 10.O-O h4 11.Be3 Nd7 12.Bf2 Bf8 13.Ne2 Be7 14.b3 Nf5 15.c4 Ba3 16.
Rab1 a5 17.Nc3 Rc8 18.cxd5 cxd5 19.Nb5 Be7 20.Rfc1 Kf8 21.Be1 Kg7 22.Rxc8 
Qxc8 23.a4 b6 24.Bd2 Qb8 25.Rc1 Rc8 26.Qd1 Ng3 27.Rc2 Qb7 28.Qc1 Rxc2 29.
Qxc2 Nb8 30.Be1 Nc6 31.Bxg3 Nb4 32.Qc3 hxg3 33.Be2 Bh4 34.Kf1 Qc6 35.Qxc6 
Nxc6 36.Bd1 g5 37.fxg5 Bxg5 38.Ke2 Bc1 39.Kf3 Bb2 40.Kxg3 Nxd4 41.Nxd4 
Bxd4 42.Kf4 f6 43.exf6+ Kxf6 44.g4 e5+ 45.Kg3 e4 46.Kf4 Be5+ 47.Ke3 Bc3 
48.h4 Ke5 49.g5 d4+ 50.Ke2 d3+ 51.Ke3 Bb2 52.g6 Bc1+ 53.Kf2 Bh6 54.h5 e3+ 
55.Kf1 Kf4 56.b4 axb4 57.Bb3 e2+ 58.Kf2 Bg7 0-1

[Event "XXIV Festival Conca della Presolana A"]
[Site "Bratto - Castione della Presolana ITA"]
[Date "2004.08.23"]
[Round "4"]
[White "Vinciguerra, Marco"]
[Black "De Santis, Alessio"]
[Result "1/2-1/2"]
[WhiteElo "2129"]
[BlackElo "2292"]
[PlyCount "51"]
[EventDate "2004.08.20"]

1.Nf3 d6 2.c4 f5 3.g3 Nf6 4.Bg2 g6 5.O-O Bg7 6.Nc3 O-O 7.d3 c5 8.a3 Nc6 9.
Rb1 a5 10.Bg5 h6 11.Bxf6 Bxf6 12.e3 g5 13.Nd5 Bg7 14.Ne1 e6 15.Nc3 Bd7 16.
Nc2 Qe7 17.Re1 Qf6 18.Nb5 e5 19.Nc7 Ra7 20.Nd5 Qd8 21.b4 cxb4 22.axb4 b6 
23.bxa5 bxa5 24.Na3 Ne7 25.Nb5 Ra6 26.Nbc7 1/2-1/2

[Event "XXIV Festival Conca della Presolana A"]
[Site "Bratto - Castione della Presolana ITA"]
[Date "2004.08.23"]
[Round "4"]
[White "Vinzoni, Andrea"]
[Black "Nieus, Thierry"]
[Result "1/2-1/2"]
[WhiteElo "2090"]
[BlackElo "2221"]
[PlyCount "114"]
[EventDate "2004.08.20"]

1.d4 Nf6 2.c4 c5 3.d5 b5 4.Qc2 Na6 5.a3 Qa5+ 6.Bd2 Nb4 7.Qc1 bxc4 8.Nc3 
Na6 9.e4 d6 10.Bxc4 g6 11.Nf3 Bg7 12.e5 dxe5 13.Nxe5 O-O 14.O-O Bb7 15.Re1
Rad8 16.d6 Rxd6 17.Ne4 Qd8 18.Nxd6 exd6 19.Nd3 Nc7 20.Ba2 Qd7 21.f3 Nfd5 
22.Nf4 Bd4+ 23.Kh1 Qf5 24.Bb1 Qf6 25.Nxd5 Bxd5 26.Bc3 Qxf3 27.Qd2 Bf2 28.
Be4 Bxe4 29.Rxe4 Qxe4 30.Qxf2 Ne6 31.Qf6 Nd4 32.Qxd6 Qc6 33.Qxc6 Nxc6 34.
Kg1 f5 35.Kf2 Kf7 36.Rc1 Rd8 37.Ke3 Ke6 38.Bg7 Kd5 39.Rd1+ Ke6 40.Rc1 Kd5 
41.Rd1+ Kc4 42.Rc1+ Kb5 43.h4 Re8+ 44.Kf2 Re7 45.Bc3 Re4 46.g3 Nd4 47.Re1 
Rxe1 48.Kxe1 Kc4 49.Kd2 Kd5 50.Kd3 c4+ 51.Ke3 Ne6 52.Bf6 h6 53.Bc3 g5 54.
hxg5 hxg5 55.Bf6 a5 56.Bc3 a4 57.Bf6 f4+ 1/2-1/2

[Event "XXIV Festival Conca della Presolana A"]
[Site "Bratto - Castione della Presolana ITA"]
[Date "2004.08.24"]
[Round "5"]
[White "Agnelli, Francesco"]
[Black "Ticozzi, Stefano"]
[Result "1/2-1/2"]
[WhiteElo "2097"]
[BlackElo "2079"]
[PlyCount "44"]
[EventDate "2004.08.20"]

1.e4 c5 2.Nf3 Nc6 3.d4 cxd4 4.Nxd4 Nf6 5.Nc3 d6 6.f3 e5 7.Nb3 Be7 8.Be3 
Be6 9.Qd2 d5 10.exd5 Nxd5 11.Nxd5 Qxd5 12.Qxd5 Bxd5 13.O-O-O O-O-O 14.Bd3 
g6 15.c4 Be6 16.Nc5 Nb4 17.Be4 Bf5 18.Bxf5+ gxf5 19.Na4 Nc6 20.Nc3 Rxd1+ 
21.Rxd1 Rg8 22.g3 Rd8 1/2-1/2

[Event "XXIV Festival Conca della Presolana A"]
[Site "Bratto - Castione della Presolana ITA"]
[Date "2004.08.24"]
[Round "5"]
[White "Agrifoglio, Fabio"]
[Black "Maccagno, Giancarlo"]
[Result "0-1"]
[WhiteElo "2022"]
[BlackElo "2099"]
[PlyCount "52"]
[EventDate "2004.08.20"]

1.d4 Nf6 2.c4 c5 3.d5 b5 4.cxb5 a6 5.e3 axb5 6.Bxb5 Qa5+ 7.Nc3 Bb7 8.Bc4 
e6 9.Bd2 Qb6 10.e4 Nxe4 11.dxe6 dxe6 12.Bb5+ Nc6 13.a4 Nxd2 14.Qxd2 Be7 
15.Nf3 O-O 16.O-O Nd4 17.Nxd4 cxd4 18.Ne2 e5 19.Ng3 f5 20.Rfd1 f4 21.Nf1 
Qg6 22.g3 Qe4 23.f3 Qxf3 24.Qe2 Qh1+ 25.Kf2 fxg3+ 26.Kxg3 Qg1+ 0-1

[Event "XXIV Festival Conca della Presolana A"]
[Site "Bratto - Castione della Presolana ITA"]
[Date "2004.08.24"]
[Round "5"]
[White "Astengo, Corrado"]
[Black "Bancod, Ronald"]
[Result "1/2-1/2"]
[WhiteElo "2161"]
[BlackElo "2354"]
[PlyCount "86"]
[EventDate "2004.08.20"]

1.e4 c5 2.Nf3 d6 3.d4 cxd4 4.Nxd4 Nf6 5.Nc3 g6 6.Bc4 Bg7 7.h3 O-O 8.Bb3 
Nc6 9.Be3 Bd7 10.O-O a6 11.f4 b5 12.a3 Rc8 13.Qf3 Qc7 14.Rad1 Na5 15.Ba2 
Qb8 16.Nd5 Nxd5 17.Bxd5 e6 18.Ba2 Nc4 19.Bxc4 Rxc4 20.c3 f5 21.exf5 gxf5 
22.Rfe1 Kh8 23.Qh5 e5 24.Nf3 Be8 25.Qg5 Re4 26.fxe5 dxe5 27.Bc5 h6 28.Qe7 
Rxe1+ 29.Nxe1 Qc8 30.Rd8 Qc6 31.Nf3 Kh7 32.Nxe5 Qe4 33.Nf3 Rg8 34.Qxe4 
fxe4 35.Nd2 Bf6 36.Ra8 Bg6 37.Rxg8 Kxg8 38.Kf2 Kf7 39.Ke3 Bg5+ 40.Ke2 h5 
41.Be3 Be7 42.Nb3 Ke6 43.Nc5+ Bxc5 1/2-1/2

[Event "XXIV Festival Conca della Presolana A"]
[Site "Bratto - Castione della Presolana ITA"]
[Date "2004.08.24"]
[Round "5"]
[White "Astengo, Marcello"]
[Black "Raselli, Claudio"]
[Result "0-1"]
[WhiteElo "2056"]
[BlackElo "2061"]
[PlyCount "80"]
[EventDate "2004.08.20"]

1.d4 d5 2.c4 e6 3.Nc3 Nf6 4.cxd5 exd5 5.Bg5 Be7 6.e3 c6 7.Qc2 O-O 8.Bd3 h6
9.Bf4 Be6 10.Nf3 Nbd7 11.h3 c5 12.O-O Rc8 13.Rad1 Qb6 14.Qe2 Rfd8 15.Bb1 
a6 16.Ne5 Nxe5 17.dxe5 Ne4 18.Qc2 f5 19.exf6 Nxf6 20.Be5 Kf8 21.Ne2 Bf7 
22.Nf4 Ne4 23.f3 Ng3 24.Nxd5 Rxd5 25.Bxg3 Rg5 26.Bf4 Bg6 27.e4 c4+ 28.Kh1 
Rb5 29.Rf2 Bf6 30.Rd6 Qc5 31.Rd5 Qxd5 32.exd5 Bxc2 33.Bxc2 Rxd5 34.Be4 Rb5
35.Bd6+ Kg8 36.Ba3 c3 37.b3 Rd8 38.Rf1 Rd2 39.Re1 c2 40.Kh2 Rd1 0-1

[Event "XXIV Festival Conca della Presolana A"]
[Site "Bratto - Castione della Presolana ITA"]
[Date "2004.08.24"]
[Round "5"]
[White "Barlocco, Carlo"]
[Black "Isonzo, David"]
[Result "0-1"]
[WhiteElo "2148"]
[BlackElo "2322"]
[PlyCount "92"]
[EventDate "2004.08.20"]

1.d4 Nf6 2.Nc3 d5 3.f3 g6 4.Bg5 Bg7 5.Qd2 c5 6.e3 O-O 7.Nge2 Nc6 8.f4 b5 
9.dxc5 b4 10.Bxf6 Bxf6 11.Nxd5 Bxb2 12.Rb1 Bg7 13.Nxb4 Qxd2+ 14.Kxd2 Rb8 
15.Nxc6 Rxb1 16.Nxe7+ Kh8 17.Nc1 Be6 18.Bd3 Re8 19.Nc6 Rc8 20.Nxa7 Rxc5 
21.a4 Bc3+ 22.Ke2 Bg4+ 23.Kf2 Ra5 24.Nb5 Bd2 25.Nb3 Rxh1 26.Nxd2 Rxa4 27.
Nf1 Be6 28.Nc3 Ra1 29.Ne4 Bf5 30.Neg3 Bxd3 31.cxd3 Ra2+ 32.Ne2 Kg7 33.g4 
h6 34.e4 Kf6 35.d4 Ke7 36.e5 Ke6 37.f5+ gxf5 38.gxf5+ Kd5 39.f6 Rb2 40.Ng3
Rxh2+ 41.Kf3 h5 42.e6 Rb3+ 43.Kf4 Kxe6 44.Kg5 Rb5+ 45.Kf4 h4 46.Nc3 hxg3 
0-1

[Event "XXIV Festival Conca della Presolana A"]
[Site "Bratto - Castione della Presolana ITA"]
[Date "2004.08.24"]
[Round "5"]
[White "Bartolozzi, Roberto"]
[Black "Caruso, Augusto"]
[Result "0-1"]
[WhiteElo "2104"]
[BlackElo "2208"]
[PlyCount "90"]
[EventDate "2004.08.20"]

1.Nf3 Nc6 2.e4 e5 3.Bb5 a6 4.Ba4 Nf6 5.d3 b5 6.Bb3 Be7 7.c3 d6 8.Nbd2 Na5 
9.Bc2 c5 10.Nf1 h6 11.Ne3 Be6 12.O-O O-O 13.d4 cxd4 14.cxd4 Qc7 15.d5 Bd7 
16.Bd2 Rfc8 17.Rc1 Qb6 18.Qe2 Nb7 19.b4 a5 20.bxa5 Nxa5 21.Bd3 Nb7 22.
Rxc8+ Rxc8 23.Rb1 Nc5 24.Bxb5 Nfxe4 25.a4 Nxa4 26.Bd3 Nxd2 27.Rxb6 Nxf3+ 
28.Qxf3 Rc1+ 29.Nf1 Nxb6 30.Qe3 Rc5 31.Qe4 g6 32.Qb4 Nxd5 33.Qb8+ Kg7 34.
h3 Rc8 35.Qb7 Be6 36.Be4 Rc7 37.Qb8 Rc1 38.Qb7 Nc3 39.Bd3 e4 40.Ba6 Bf6 
41.Kh2 Be5+ 42.g3 Bd5 43.Qb6 Rd1 44.Qe3 Ra1 45.Be2 Re1 0-1

[Event "XXIV Festival Conca della Presolana A"]
[Site "Bratto - Castione della Presolana ITA"]
[Date "2004.08.24"]
[Round "5"]
[White "Bergez, Luc"]
[Black "Drazic, Sinisa"]
[Result "1-0"]
[WhiteElo "2376"]
[BlackElo "2461"]
[PlyCount "141"]
[EventDate "2004.08.20"]

1.e4 e6 2.d4 c5 3.d5 exd5 4.exd5 d6 5.Nf3 Nf6 6.Be2 Be7 7.O-O O-O 8.Nc3 
Re8 9.h3 Nbd7 10.Bf4 a6 11.a4 Nf8 12.a5 Ng6 13.Bh2 Bf8 14.Nd2 Qc7 15.Ra3 
Rb8 16.Nc4 Bd7 17.Kh1 Ne4 18.Nb6 Rbd8 19.Bd3 Nf6 20.f4 Bc8 21.Nc4 Ne7 22.
Ne3 Nc6 23.Ng4 Nxg4 24.hxg4 Nb4 25.Be4 f5 26.gxf5 Qf7 27.g4 h5 28.Qf3 hxg4
29.Qxg4 Be7 30.Nd1 Bf6 31.Nf2 Nxd5 32.Qg2 Rxe4 33.Nxe4 Bxf5 34.Rd3 Bxe4 
35.Qxe4 Nb4 36.Rh3 Qd5 37.Qxd5+ Nxd5 38.Rd1 Ne7 39.Rb3 Rd7 40.Bg1 Nc6 41.
Bxc5 Nxa5 42.Rbd3 Nc4 43.Bd4 Nxb2 44.Bxb2 Bxb2 45.Rxd6 Rc7 46.R1d2 Bf6 47.
Rd7 Rc4 48.Rxb7 Rxf4 49.Rc7 a5 50.c4 Rf1+ 51.Kg2 Rc1 52.Kf3 a4 53.Ke4 Re1+
54.Kd5 Re5+ 55.Kc6 Ra5 56.Kb6 Bc3 57.Rg2 Ra8 58.Kb7 Ra5 59.Kb6 Ra8 60.Kb7 
Ra5 61.Rc8+ Kf7 62.Ra8 Rxa8 63.Kxa8 a3 64.c5 Bb2 65.c6 a2 66.Rg1 Be5 67.
Kb7 Ke6 68.Ra1 g5 69.Rxa2 Bd6 70.Ra5 Kf6 71.c7 1-0

[Event "XXIV Festival Conca della Presolana A"]
[Site "Bratto - Castione della Presolana ITA"]
[Date "2004.08.24"]
[Round "5"]
[White "Buccoliero, Alessandro"]
[Black "Castaldo, Folco"]
[Result "0-1"]
[WhiteElo "2123"]
[BlackElo "2318"]
[PlyCount "54"]
[EventDate "2004.08.20"]

1.d4 e6 2.c4 f5 3.Nf3 Nf6 4.e3 b6 5.Bd3 Bb7 6.O-O Be7 7.b3 O-O 8.Bb2 Qe8 
9.Nfd2 Qg6 10.f3 Qh6 11.Qe2 Nc6 12.e4 e5 13.dxe5 Bc5+ 14.Kh1 Nh5 15.Qe1 
Nb4 16.Be2 Nc2 17.Qh4 Nxa1 18.Bxa1 fxe4 19.g3 exf3 20.Bxf3 Rxf3 21.Nxf3 
Qe3 22.Qxh5 Rf8 23.Nd2 Qxd2 24.e6 Bxf3+ 25.Rxf3 Qd1+ 26.Kg2 Qe2+ 27.Kh3 
Qxf3 0-1

[Event "XXIV Festival Conca della Presolana A"]
[Site "Bratto - Castione della Presolana ITA"]
[Date "2004.08.24"]
[Round "5"]
[White "Campini, Marco"]
[Black "Castelfranchi, Carlo"]
[Result "1/2-1/2"]
[WhiteElo "2173"]
[BlackElo "2086"]
[PlyCount "47"]
[EventDate "2004.08.20"]

1.e4 Nf6 2.e5 Nd5 3.g3 d6 4.exd6 exd6 5.Bg2 Nf6 6.Ne2 Be7 7.O-O O-O 8.d4 
d5 9.c4 dxc4 10.Nbc3 c6 11.d5 cxd5 12.Nxd5 Nxd5 13.Qxd5 Qxd5 14.Bxd5 Nc6 
15.Bxc4 Bh3 16.Re1 Bb4 17.Nc3 Nd4 18.Re4 Nc2 19.Rb1 Bf5 20.Rf4 Bg6 21.Bf1 
Na3 22.Ra1 Nc2 23.Rb1 Na3 24.Ra1 1/2-1/2

[Event "XXIV Festival Conca della Presolana A"]
[Site "Bratto - Castione della Presolana ITA"]
[Date "2004.08.24"]
[Round "5"]
[White "Capece, Adolivio"]
[Black "De Vita, Igor"]
[Result "0-1"]
[WhiteElo "2061"]
[BlackElo "2156"]
[PlyCount "92"]
[EventDate "2004.08.20"]

1.c4 f5 2.Nf3 Nf6 3.Nc3 g6 4.g3 Bg7 5.Bg2 d6 6.d4 O-O 7.O-O Qe8 8.b3 Na6 
9.Ba3 Bd7 10.Rc1 c6 11.b4 Nc7 12.Re1 Bh6 13.Rb1 Qf7 14.c5 Ne4 15.Bb2 Nxc3 
16.Bxc3 Qxa2 17.Rb2 Qf7 18.Bd2 Bxd2 19.Qxd2 Kg7 20.Rd1 h6 21.Ra1 Be6 22.
Rc1 Bd5 23.e3 Be4 24.Ne1 Bxg2 25.Nxg2 a6 26.Qc3 Nd5 27.Qd2 Nf6 28.Qd1 Rad8
29.Qe2 Rfe8 30.Qd3 e5 31.dxe5 dxe5 32.Qb3 Qxb3 33.Rxb3 Rd2 34.Rf1 Red8 35.
Ne1 e4 36.Ng2 g5 37.Rbb1 Ng4 38.h3 Ne5 39.Ne1 Ra2 40.Ng2 Nf3+ 41.Kh1 Rdd2 
42.Ne1 Rxf2 43.Rxf2 Rxf2 44.Nxf3 exf3 45.Rd1 Rb2 46.Rd7+ Kf6 0-1

[Event "XXIV Festival Conca della Presolana A"]
[Site "Bratto - Castione della Presolana ITA"]
[Date "2004.08.24"]
[Round "5"]
[White "Capitelli, Paolo"]
[Black "Passoni, Carlo"]
[Result "1-0"]
[WhiteElo "2137"]
[BlackElo "2286"]
[PlyCount "97"]
[EventDate "2004.08.20"]

1.e4 c5 2.Nf3 e6 3.d4 cxd4 4.Nxd4 Nf6 5.Nc3 Nc6 6.Ndb5 Bb4 7.a3 Bxc3+ 8.
Nxc3 d5 9.exd5 exd5 10.Bd3 O-O 11.O-O d4 12.Ne4 Nxe4 13.Bxe4 Re8 14.Re1 
Bd7 15.Qh5 f5 16.Bd5+ Kh8 17.Bd2 Qf6 18.Bg5 Qd6 19.Bf7 Re4 20.f3 Re5 21.b4
Rf8 22.Bc4 Rfe8 23.Qh4 b5 24.Bd3 a5 25.Bd2 a4 26.f4 Rxe1+ 27.Rxe1 Rxe1+ 
28.Qxe1 Ne7 29.Qe2 Nd5 30.Bxb5 Nc3 31.Bxc3 dxc3 32.Bxd7 Qxd7 33.Kf1 h6 34.
Kf2 Qd4+ 35.Qe3 Qc4 36.Qe8+ Kh7 37.Qe5 Kg6 38.b5 h5 39.Qe8+ Kh7 40.Qxh5+ 
Kg8 41.Qxf5 Qd4+ 42.Ke1 Qg1+ 43.Ke2 Qxg2+ 44.Ke3 Qg1+ 45.Ke4 Qg2+ 46.Kd4 
Qd2+ 47.Kc4 Qxh2 48.Kxc3 Qg3+ 49.Kb4 1-0

[Event "XXIV Festival Conca della Presolana A"]
[Site "Bratto - Castione della Presolana ITA"]
[Date "2004.08.24"]
[Round "5"]
[White "Cardelli, Gabriele"]
[Black "Podini, Francesco"]
[Result "0-1"]
[WhiteElo "2026"]
[BlackElo "2074"]
[PlyCount "58"]
[EventDate "2004.08.20"]

1.d4 e6 2.Nf3 f5 3.Bg5 Nf6 4.Nc3 d5 5.Ne5 Be7 6.Bxf6 Bxf6 7.e3 O-O 8.g4 
Bxe5 9.dxe5 f4 10.h4 fxe3 11.fxe3 Nc6 12.Qd2 Nxe5 13.O-O-O Nxg4 14.Rg1 Nf2
15.Re1 Qxh4 16.Bd3 c6 17.Nd1 Nxd3+ 18.Qxd3 Qc4 19.Qd2 Bd7 20.Qg2 g6 21.Qh3
Rf7 22.Qh6 Raf8 23.Rh1 Rg7 24.Reg1 e5 25.b3 Qc5 26.Rh2 Bf5 27.Rgh1 a5 28.
Nb2 b5 29.a4 Qa3 0-1

[Event "XXIV Festival Conca della Presolana A"]
[Site "Bratto - Castione della Presolana ITA"]
[Date "2004.08.24"]
[Round "5"]
[White "Cazzaniga, Walter"]
[Black "Bentivegna, Francesco"]
[Result "0-1"]
[WhiteElo "2081"]
[BlackElo "2250"]
[PlyCount "62"]
[EventDate "2004.08.20"]

1.d4 Nf6 2.c4 g6 3.Nc3 Bg7 4.Nf3 d6 5.g3 O-O 6.Bg2 c6 7.O-O Qb6 8.Qc2 Qa6 
9.b3 b5 10.Nd2 Bb7 11.Bb2 Nbd7 12.a4 bxc4 13.Nxc4 Rac8 14.Rfc1 d5 15.Nd2 
c5 16.dxc5 Nxc5 17.Qd1 d4 18.Bxb7 Qxb7 19.Nb5 Rfd8 20.b4 Ne6 21.Rxc8 Qxc8 
22.Nf3 Qb7 23.Qb3 d3 24.Nbd4 Nxd4 25.Nxd4 e5 26.Nb5 a6 27.Nc3 e4 28.exd3 
exd3 29.b5 Ng4 30.Nd1 Re8 31.Bc3 d2 0-1

[Event "XXIV Festival Conca della Presolana A"]
[Site "Bratto - Castione della Presolana ITA"]
[Date "2004.08.24"]
[Round "5"]
[White "Ceccarini, Marco"]
[Black "Valenti, Giuseppe"]
[Result "1/2-1/2"]
[WhiteElo "2091"]
[BlackElo "2288"]
[PlyCount "79"]
[EventDate "2004.08.20"]

1.e4 c5 2.Nf3 e6 3.d4 cxd4 4.Nxd4 a6 5.c4 Nf6 6.Nc3 Qc7 7.a3 Be7 8.Be3 d6 
9.Be2 b6 10.O-O Bb7 11.f3 Nbd7 12.b4 O-O 13.Rc1 Rac8 14.Qb3 Rfe8 15.Rfd1 
Bf8 16.Kh1 Qb8 17.Bf2 g6 18.Bf1 Bg7 19.Nc2 d5 20.Bg3 dxc4 21.Bxc4 Ne5 22.
Be2 Nh5 23.Be1 Nf4 24.Bf1 h5 25.Ne2 Nxe2 26.Bxe2 b5 27.Bf2 Qc7 28.Bc5 Nd7 
29.Ne1 Nxc5 30.Rxc5 Qe7 31.Rdc1 Rxc5 32.Rxc5 Bd4 33.Rc1 Qg5 34.Nd3 Qe3 35.
Qd1 Bb6 36.Nc5 Rd8 37.Qf1 Rd2 38.Nxb7 Rxe2 39.Nc5 Qxa3 40.Qd1 1/2-1/2

[Event "XXIV Festival Conca della Presolana A"]
[Site "Bratto - Castione della Presolana ITA"]
[Date "2004.08.24"]
[Round "5"]
[White "Contin, Daniel"]
[Black "Sbarra, Marco"]
[Result "1/2-1/2"]
[WhiteElo "2392"]
[BlackElo "2228"]
[PlyCount "97"]
[EventDate "2004.08.20"]

1.c4 e6 2.e4 d5 3.exd5 exd5 4.d4 Nf6 5.Nc3 Be7 6.Nf3 O-O 7.cxd5 Nxd5 8.Bd3
c5 9.Qe2 Nc6 10.dxc5 Nxc3 11.bxc3 Re8 12.O-O Bxc5 13.Qc2 h6 14.Bf4 Qf6 15.
Bg3 Bb6 16.a4 Be6 17.Bh7+ Kh8 18.Be4 Rac8 19.a5 Nxa5 20.Be5 Qe7 21.Rfe1 
Nc6 22.Bg3 Nd4 23.Qd3 Nb3 24.Bd6 Nc5 25.Qd1 Qd8 26.Bc2 Rc6 27.Bg3 Qxd1 28.
Raxd1 Rcc8 29.Ne5 Kg8 30.Rb1 Red8 31.Bf4 Nd7 32.Be4 Nxe5 33.Bxe5 Rd2 34.
Bxb7 Bxf2+ 35.Kh1 Rcd8 36.Rf1 Bc4 37.Rfc1 Ba2 38.Ra1 Bd5 39.Bxd5 R8xd5 40.
Bf4 Re2 41.c4 Rd4 42.Bb8 Rdd2 43.c5 Bd4 44.Rab1 Rxg2 45.c6 Rc2 46.Bg3 Bb6 
47.c7 Bxc7 48.Bxc7 Rxc1+ 49.Rxc1 1/2-1/2

[Event "XXIV Festival Conca della Presolana A"]
[Site "Bratto - Castione della Presolana ITA"]
[Date "2004.08.24"]
[Round "5"]
[White "Contini, Gabriele"]
[Black "Danieli, Enrico"]
[Result "0-1"]
[WhiteElo "2048"]
[BlackElo "2139"]
[PlyCount "70"]
[EventDate "2004.08.20"]

1.d4 Nf6 2.Bg5 e6 3.e4 h6 4.Bxf6 Qxf6 5.Nf3 d6 6.Nc3 g6 7.Bd3 Bg7 8.O-O 
O-O 9.Re1 e5 10.Nd5 Qd8 11.dxe5 dxe5 12.Qe2 c6 13.Ne3 Qe7 14.Rad1 Nd7 15.
c3 Nc5 16.Bc2 b6 17.b4 Ba6 18.Nc4 Qe6 19.Bb3 Nxb3 20.axb3 Rfd8 21.Rxd8+ 
Rxd8 22.Ra1 Bxc4 23.bxc4 Rd7 24.Ne1 h5 25.h3 Bh6 26.Nf3 Qd6 27.Kf1 Qb8 28.
Ke1 a5 29.bxa5 bxa5 30.Qa2 Ra7 31.Rb1 Qc7 32.Qa4 Rb7 33.Rd1 Rb2 34.Qa3 Qb6
35.Qd6 Qxf2# 0-1

[Event "XXIV Festival Conca della Presolana A"]
[Site "Bratto - Castione della Presolana ITA"]
[Date "2004.08.24"]
[Round "5"]
[White "Coratella, Giuseppe"]
[Black "Guido, Flavio"]
[Result "0-1"]
[WhiteElo "2156"]
[BlackElo "2338"]
[PlyCount "86"]
[EventDate "2004.08.20"]

1.e4 c5 2.Nf3 e6 3.d4 cxd4 4.Nxd4 Nc6 5.Be3 Nf6 6.Nc3 Bb4 7.Bd3 d5 8.Nxc6 
bxc6 9.e5 Nd7 10.Qg4 Qa5 11.O-O g6 12.Qg3 Bxc3 13.bxc3 Qxc3 14.Bg5 c5 15.
Bf6 O-O 16.Qh4 Nxf6 17.exf6 Qd4 18.Qxd4 cxd4 19.f4 Bd7 20.Rab1 Rab8 21.Rb3
Rxb3 22.axb3 a5 23.Ra1 Ra8 24.Kf2 Kf8 25.g4 Ke8 26.h4 Kd8 27.g5 Kc7 28.h5 
Kd6 29.Kg3 Kc5 30.Rh1 Bb5 31.hxg6 hxg6 32.Bxb5 Kxb5 33.Rh7 Rf8 34.f5 exf5 
35.Kf4 Kb4 36.Ke5 Kc3 37.Rh3+ Kxc2 38.Kxd4 Rb8 39.Rc3+ Kd2 40.Rc7 f4 41.
Rxf7 f3 42.Ra7 f2 43.Rxa5 Rb4+ 0-1

[Event "XXIV Festival Conca della Presolana A"]
[Site "Bratto - Castione della Presolana ITA"]
[Date "2004.08.24"]
[Round "5"]
[White "D'Innocente, Stefano"]
[Black "Maiorov, Nikita"]
[Result "1/2-1/2"]
[WhiteElo "2197"]
[BlackElo "2414"]
[PlyCount "210"]
[EventDate "2004.08.20"]

1.e4 e5 2.Nf3 Nc6 3.Bb5 a6 4.Ba4 Nf6 5.O-O Be7 6.Re1 b5 7.Bb3 d6 8.c3 O-O 
9.h3 Nb8 10.d4 Nbd7 11.Nbd2 Bb7 12.a4 Re8 13.Ng5 Rf8 14.Ngf3 g6 15.Bc2 Re8
16.Nf1 Bf8 17.Ng3 Bg7 18.Bd3 c6 19.Bg5 h6 20.Be3 Qc7 21.Qd2 Kh7 22.dxe5 
dxe5 23.c4 bxc4 24.Bxc4 Nf8 25.Bc5 Rad8 26.Qb4 Rd7 27.Rad1 Ng8 28.Rxd7 
Qxd7 29.Qb3 Ne6 30.Rd1 Qc8 31.Bb6 Bf6 32.Qd3 Kg7 33.Qd7 Qa8 34.b4 Re7 35.
Qd6 Nf8 36.Qd8 Qxd8 37.Bxd8 Rd7 38.Bxf6+ Kxf6 39.Rc1 Rd6 40.Nf1 h5 41.Ne3 
Ne6 42.Bxe6 Rxe6 43.Rc5 Ke7 44.Rxe5 Nf6 45.Rxe6+ Kxe6 46.Ng5+ Ke7 47.e5 
Nd7 48.f4 c5 49.b5 axb5 50.axb5 Nb6 51.Kf2 f6 52.exf6+ Kxf6 53.g3 Ba8 54.
Ke2 Bb7 55.Kd3 Ba8 56.Nd1 h4 57.g4 Nd5 58.Ne4+ Ke7 59.f5 gxf5 60.Nxc5 fxg4
61.hxg4 h3 62.Ne4 h2 63.Ng3 Nf4+ 64.Ke3 Ng2+ 65.Kf2 Kf6 66.Nh1 Nf4 67.Kg3 
Bxh1 68.Kxh2 Bb7 69.Kg3 Kg5 70.Ne3 Ne2+ 71.Kf2 Nd4 72.b6 Nc6 73.Kg3 Ne5 
74.Kf2 Kf4 75.g5 Be4 76.g6 Nxg6 77.Nc4 Bd5 78.Na5 Ne5 79.b7 Nd7 80.Ke2 Ke4
81.Kd2 Kd4 82.Kc2 Nb8 83.Nb3+ Kc4 84.Nd2+ Kb4 85.Kd3 Bxb7 86.Ke3 Nd7 87.
Kd4 Nf6 88.Nc4 Nd5 89.Nd6 Ba8 90.Nf7 Nc3 91.Nd6 Bc6 92.Nf7 Nb5+ 93.Ke5 Kc5
94.Nd8 Bd5 95.Ne6+ Kc4 96.Nf4 Bf3 97.Ne6 Bc6 98.Nd8 Ba8 99.Ne6 Bh1 100.Nf4
Nd4 101.Ne6 Nc6+ 102.Kd6 Bg2 103.Nf4 Be4 104.Ne6 Nd4 105.Nxd4 Kxd4 1/2-1/2

[Event "XXIV Festival Conca della Presolana A"]
[Site "Bratto - Castione della Presolana ITA"]
[Date "2004.08.24"]
[Round "5"]
[White "Dervishi, Erald"]
[Black "Lanzani, Mario"]
[Result "1-0"]
[WhiteElo "2486"]
[BlackElo "2365"]
[PlyCount "61"]
[EventDate "2004.08.20"]

1.e4 c5 2.Nf3 d6 3.d4 cxd4 4.Nxd4 Nf6 5.Nc3 a6 6.Be2 e5 7.Nb3 Be7 8.O-O 
O-O 9.Kh1 Nc6 10.f4 b5 11.Bf3 Na5 12.Nxa5 Qxa5 13.fxe5 dxe5 14.Bg5 Bb7 15.
a3 Rfe8 16.Bxf6 Bxf6 17.Be2 Qb6 18.Bd3 Rad8 19.Qe2 Bg5 20.a4 b4 21.Nd5 
Bxd5 22.exd5 g6 23.Bxa6 f5 24.a5 Qd4 25.Bb5 Re7 26.Rfd1 Qxb2 27.a6 e4 28.
d6 Ra7 29.Qc4+ Kg7 30.Qc5 Raa8 31.Bc6 1-0

[Event "XXIV Festival Conca della Presolana A"]
[Site "Bratto - Castione della Presolana ITA"]
[Date "2004.08.24"]
[Round "5"]
[White "Epishin, Vladimir V."]
[Black "Bellia, Fabrizio"]
[Result "1/2-1/2"]
[WhiteElo "2635"]
[BlackElo "2409"]
[PlyCount "121"]
[EventDate "2004.08.20"]

1.d4 Nf6 2.c4 e6 3.Nc3 Bb4 4.e3 O-O 5.Ne2 d5 6.a3 Bd6 7.c5 Be7 8.b4 b6 9.
Nf4 a5 10.Bd2 c6 11.Be2 Ba6 12.O-O Bxe2 13.Qxe2 Nbd7 14.Nd3 axb4 15.axb4 
Qc7 16.e4 dxe4 17.Nxe4 Nxe4 18.Qxe4 bxc5 19.dxc5 Rxa1 20.Rxa1 Nf6 21.Bf4 
Qb7 22.Qc4 Rd8 23.g3 h6 24.Be5 Nd5 25.Qa6 Rd7 26.Qa8+ Qxa8 27.Rxa8+ Rd8 
28.Rxd8+ Bxd8 29.f4 h5 30.Kf2 f6 31.Bd6 Kf7 32.Kf3 g6 33.h3 Be7 34.Bxe7 
Kxe7 35.Ke4 Nc3+ 36.Ke3 g5 37.fxg5 fxg5 38.Ne5 Nd5+ 39.Kd4 Nxb4 40.Kc4 Nd5
41.Nxc6+ Kd7 42.Ne5+ Kc7 43.Kd4 h4 44.gxh4 gxh4 45.Ke4 Nc3+ 46.Ke3 Na4 47.
Kd4 Nb2 48.Ke4 Na4 49.Kd4 Nb2 50.Nf3 Nd1 51.Ng5 Kd7 52.Ne4 Kc6 53.Ke5 Nb2 
54.Kxe6 Nd3 55.Kf5 Nxc5 56.Ng5 Nd3 57.Ne4 Kd5 58.Nc3+ Kc4 59.Nd1 Kd4 60.
Kg4 Ke4 61.Kxh4 1/2-1/2

[Event "XXIV Festival Conca della Presolana A"]
[Site "Bratto - Castione della Presolana ITA"]
[Date "2004.08.24"]
[Round "5"]
[White "Gangemi, Salvatore"]
[Black "Cardini, Saverio"]
[Result "0-1"]
[WhiteElo "2085"]
[BlackElo "2026"]
[PlyCount "120"]
[EventDate "2004.08.20"]

1.c4 g6 2.Nf3 Bg7 3.d4 d6 4.Nc3 Bg4 5.e3 Nd7 6.Be2 c6 7.h3 Bxf3 8.Bxf3 
Ngf6 9.e4 e5 10.O-O O-O 11.Be3 Qc7 12.Re1 Rad8 13.Qa4 exd4 14.Bxd4 Nxe4 
15.Bxg7 Nec5 16.Qa3 Kxg7 17.b4 Ne6 18.Red1 Ne5 19.Be2 Qb8 20.g3 f6 21.f4 
Nf7 22.Bf3 Nh6 23.Kg2 Nf5 24.Ne2 Rfe8 25.Bg4 Nh6 26.Rd2 Kf7 27.Rad1 Ng7 
28.Bf3 Nhf5 29.Rd3 Qc7 30.R1d2 Qe7 31.Kf2 h5 32.b5 Qc7 33.g4 hxg4 34.hxg4 
Nh4 35.Qxa7 Nxf3 36.Kxf3 Ne6 37.b6 Qe7 38.Qa3 Nc5 39.Rd4 Ra8 40.Qc1 Qe3+ 
41.Kg2 Ne4 42.Qg1 Nxd2 43.Qxe3 Rxe3 44.Rxd2 Raa3 45.Kf2 Red3 46.Rc2 Ke7 
47.Rb2 c5 48.Rc2 Kd7 49.Kg2 Kc6 50.Rb2 Ra4 51.Rc2 Raa3 52.Rc1 Rxa2 53.Kf2 
Rb2 54.g5 fxg5 55.fxg5 Rdd2 56.Re1 Kxb6 57.Kf3 Rxe2 58.Rxe2 Rxe2 59.Kxe2 
Ka5 60.Ke3 Kb4 0-1

[Event "XXIV Festival Conca della Presolana A"]
[Site "Bratto - Castione della Presolana ITA"]
[Date "2004.08.24"]
[Round "5"]
[White "Gardi, Giuseppe"]
[Black "Gosio, Denis"]
[Result "1-0"]
[WhiteElo "2061"]
[BlackElo "2170"]
[PlyCount "129"]
[EventDate "2004.08.20"]

1.d4 Nf6 2.Nf3 e6 3.Bf4 d5 4.e3 Be7 5.Bd3 c5 6.c3 O-O 7.Nbd2 b6 8.Ne5 Bb7 
9.Qf3 Nbd7 10.Qh3 g6 11.Ndf3 Nxe5 12.Nxe5 Nh5 13.Bh6 Ng7 14.f4 f5 15.O-O 
a6 16.g4 Bf6 17.Nf3 Qe8 18.Rae1 Rc8 19.Bg5 Rc7 20.Bxf6 Rxf6 21.Ng5 h5 22.
gxf5 exf5 23.Nf3 b5 24.Qh4 Re6 25.Ne5 Kh7 26.Kf2 b4 27.cxb4 cxb4 28.Rc1 
Rxc1 29.Rxc1 Qe7 30.Qg3 a5 31.Rg1 Qf6 32.Rc1 Qe7 33.Rc5 a4 34.Ra5 Bc6 35.
Ra6 Be8 36.Ra5 Qc7 37.Rc5 Qd8 38.h4 Rd6 39.Kg2 Ne6 40.Rc1 a3 41.b3 Rb6 42.
Kh3 Rb7 43.Rg1 Rg7 44.Rc1 Rb7 45.Rc2 Rc7 46.Rg2 Qf6 47.Rc2 Qd8 48.Qe1 Rxc2
49.Bxc2 Qb6 50.Qd2 Nc7 51.Bd3 Qd6 52.Qc2 Kg7 53.Qg2 Qf6 54.Be2 Kf8 55.Bf3 
Qe6 56.Qc2 Qd6 57.Be2 Ke7 58.Kg3 Kd8 59.Bd3 Kc8 60.Kh3 Kb7 61.Be2 Kb6 62.
Nd3 Ka5 63.Nxb4 Qxb4 64.Qxc7+ Qb6 65.Qe7 1-0